000
00380nam a22001697a 4500
003
MPLRDC
005
20220104144257.0
008
210129b ||||| |||| 00| 0 eng d
082
_a
947.413 FSQH v.1
100
_a
不详
245
_a
浮世情怀. 1
_c
250
_a
初版
260
_a
_b
金钻
_c
1991
300
_b
平
650
_a
漫画
942
_c
BK
_o
947.413 FSQH v.1
999
_c
48052
_d
48042